| 000 | 00630nam a22002057a 4500 | ||
|---|---|---|---|
| 005 | 20251108175036.0 | ||
| 008 | 250721s2010 xx 000 0 ara d | ||
| 082 | 1 | 4 | _a371.3/علي |
| 100 | 1 | _aعليان، ربحي | |
| 245 | 1 | 0 | _aمصادر التعلم / |
| 246 | 1 | 1 | _aLearning Resource |
| 264 | 1 |
_aعمان : _bدار اليازوري العلمية للنشر و التوزيع، _c2010. |
|
| 300 | _a459ص. | ||
| 650 | 1 | 7 | _aالمكتبات المدرسية |
| 650 | 1 | 7 | _aطرق التعلم |
| 650 | 1 | 7 | _aخدمات المكتبة |
| 650 | 1 | 7 | _aاساليب التدريس |
| 942 |
_2ddc _cBK |
||
| 999 |
_c124711 _d124711 |
||